000 00475nab a2200145Ia 4500
003 ES-SlBCS
005 20210601133827.0
008 140529s1990 xxu||||| |||| 00| 0 por d
041 _apor
100 1 _aMendonça de Brito, Rosa
_9210255
245 0 0 _aVisao da Cultura Brasileira no Brasil Mental, de Sampaio Bruno
_c Rosa Mendonça De Brito
650 0 4 _aSampaio Bruno
_9207289
773 0 _tPresença Filosofica
_gvol. 15, nº. 1-2, 1990, págs. 66-75
_wRev966
942 _cAR
999 _c602758
_d602758